Verb Names Quiz Stats

 Plays Quiz Updated Jun 7, 2019

Score 0/30 Timer 05:00
0 Plays Today
Description Name % Correct
To sing in a group, almost exclusively in December.Carol
68.8%
Created a picture.Drew
60.7%
A future tense standby synonymous with 'shall.'Will
56.2%
To steal, or to lift a vehicle.Jack
55.2%
Using the court to punish foes, usually via money.Sue
50.7%
Indicates possibility similar to 'might.'May
45.5%
Wishfully thinking.Hope
44.8%
To put on, such as armor.Don
43.3%
To trudge through an impediment such as water.Wade
43.2%
To steal; not used for vehicle lifting.Rob
42.8%
Ascended, stood.Rose
40.8%
To tap or stroke, usually to provide comfort.Pat
39.8%
To throw with force or carelessness.Chuck
39.1%
To leave an imprint, such as with a writing utensil.Mark
30.2%
To come to light, either abstractly or with a horizon.Dawn
26.7%
Description Name % Correct
To move up and down.Bob
26.6%
'i'-based action often done with the jab of a pencil.Dot
24.3%
To tease without spite; often followed by 'around'/'with.'Josh
23.6%
Slang for vomiting, but not throwing other objects.Ralph
22.7%
To honor; often sarcastically used with 'presence.'Grace
20.2%
To pry open, such as with a crowbar.Jimmy
20.1%
To charge (as in money, not Light Brigade style.)Bill
19.5%
To fizzle or die out.Peter
15%
To repel, often used in the context of evil spirits.Ward
15%
To rush suddenly; a common companion of 'forth.'Sally
14.8%
To penetrate.Pierce
12.7%
To coat/cook with sugar or syrup.Candy
10.1%
To annoy repeatedly; related to 'harrass.'Harry
8.5%
To allow; Robin Williams did it thrice in 1992.Grant
5.5%
To fasten, or to categorize somebody.Peg
3.6%

You're not logged in!

Compare scores with friends on all Sporcle quizzes.
OR
Log In

Sporcle TV

Today on Sporcle TV


Watch our educational content, quiz creation guides, and fun videos on Sporcle TV.

Show Comments

Extras

Top Quizzes Today


Score Distribution

Your Account Isn't Verified!

In order to create a playlist on Sporcle, you need to verify the email address you used during registration. Go to your Sporcle Settings to finish the process.

Report this User

Report this user for behavior that violates our Community Guidelines.

Details: